| 000 | 00544nam a22002057i 4500 | ||
|---|---|---|---|
| 001 | 3420 | ||
| 003 | OSt | ||
| 005 | 20170126082318.0 | ||
| 007 | tu | ||
| 008 | 161220s1996 xxu||||| |||| 00| 0 d | ||
| 024 | 7 |
_a3419 _2RID |
|
| 040 | _cOSt | ||
| 084 |
_a3.21 _a3.73 _2z |
||
| 245 | 0 | 0 | _aThe Political Economy of Transformation in Post-socialist Hungary |
| 260 |
_aBudapest, _c1996. |
||
| 300 |
_a24 S. ; _c30cm. |
||
| 490 |
_aRRT Hungary Document _v39 |
||
| 651 | _aHungary | ||
| 110 | 2 |
_aInstitute for World Economics, Hungarian Academy of Sciences _eEd. |
|
| 942 | _cB | ||
| 999 |
_c3370 _d3370 |
||